| 000 | 00419nam a2200157 a 4500 | ||
|---|---|---|---|
| 999 |
_c13321 _d13321 |
||
| 020 | _a1558761098 | ||
| 020 | _a978-1558761094 | ||
| 100 | 1 | _aPeters, Rudolph. | |
| 245 | 1 | 0 | _aJihad in Classical and Modern Islam: a reader / |
| 260 |
_a[S.l.] : _bE J, _c1977. |
||
| 300 | _a90 p. ; | ||
| 650 | _aJihad. | ||
| 650 | _aIslam--Doctrines. | ||
| 856 | 4 | 0 | _uhttp://www.amazon.com/exec/obidos/ASIN/chopaconline-20 |
| 942 | _cBK | ||